Final standings of Fa premier league season 2016-17 - Statistics

General Stats
  • This quiz has been taken 35 times
  • The average score is 14 of 20
Answer Stats
Team GD Pts % Correct
5 Arsenal 33 75
100%
1 Chelsea 52 93
100%
4 Liverpool 36 76
100%
2 Tottenham 60 86
100%
3 Man City 41 78
93%
7 Everton 18 61
86%
6 Man United 25 69
83%
20 Sunderland -40 24
72%
18 Hull -43 34
69%
19 Middlesbrough -26 28
69%
8 Southampton -7 46
69%
11 West Ham -17 45
66%
9 Bournemouth -12 46
62%
13 Stoke -15 44
62%
17 Watford -28 40
62%
14 Crystal Palace -13 41
55%
10 West Brom -8 45
55%
15 Swansea -25 41
52%
12 Leicester -15 44
48%
16 Burnley -16 40
41%
No matching quizzes found
Score Distribution
Percent of People with Each Score
Percentile by Number Answered
Your Score History
You have not taken this quiz